[Event "LJEM M-V 2023 u16"]
[Site "Mirow"]
[Date "2023.02.07"]
[Round "6.3"]
[White "Walz, Fabian"]
[Black "Wiechhusen, Laurin-Elias"]
[Result "1/2-1/2"]
[WhiteElo "1342"]
[BlackElo "1614"]
[Time "14:30:00"]
[WhiteTeam "SSC Rostock 07"]
[BlackTeam "SF Schwerin"]

1.e4 e5 2.Nf3 Nc6 3.d4 exd4 4.Nxd4 Bc5 5.Be3 Qf6 6.c3 Nge7 7.Bc4 O-O 8.O-O
d6 9.Nxc6 Nxc6 10.Bxc5 dxc5 11.Qc2 Rd8 12.Nd2 Bg4 13.f3 Be6 14.Bxe6 Qxe6 
15.Rfd1 Rd6 16.Nb3 b6 17.Rxd6 cxd6 18.Rd1 Rd8 19.Rd5 Ne7 20.Rd2 Nc6 21.Qd1
f6 22.Nc1 Ne7 23.b3 Kf7 24.c4 f5 25.Re2 Nc6 26.Qd2 Nd4 27.Re1 Qg6 28.Kf2 
Re8 29.Qf4 Qf6 30.exf5 1/2-1/2

[Event "LJEM M-V 2023 u16"]
[Site "Mirow"]
[Date "2023.02.07"]
[Round "6.4"]
[White "Gorski, Paul Peter"]
[Black "Janssen, Joris Frederik"]
[Result "0-1"]
[WhiteElo "1261"]
[BlackElo "1607"]
[Time "14:30:00"]
[WhiteTeam "Think Rochade - SC HRO"]
[BlackTeam "TuS Makkabi Rostock"]

1.e4 c5 2.Nf3 e6 3.d4 cxd4 4.Nxd4 Nc6 5.Nc3 a6 6.Be3 Qc7 7.a3 Be7 8.Be2 
Nf6 9.f4 d6 10.O-O Bd7 11.Bf3 O-O 12.f5 Nxd4 13.Qxd4 exf5 14.exf5 Bxf5 15.
Nd5 Nxd5 16.Bxd5 Bf6 17.Qb4 Be6 18.Rxf6 gxf6 19.Bxe6 fxe6 20.Qg4+ Kf7 21.
Qb4 Rac8 22.Rd1 d5 23.c3 Rg8 24.Qh4 Rg7 25.Rf1 Qe7 26.Bg5 Qc5+ 27.Kh1 f5 
28.g4 Qc6 29.gxf5 d4+ 30.Kg1 e5 31.f6 Rxg5+ 32.Qxg5 Rg8 0-1

[Event "LJEM M-V 2023 u16"]
[Site "Mirow"]
[Date "2023.02.07"]
[Round "6.5"]
[White "Thormählen, Tjark"]
[Black "Asmussen, Johann"]
[Result "1/2-1/2"]
[WhiteElo "1332"]
[BlackElo "1222"]
[Time "14:30:00"]
[WhiteTeam "SG Güstrow/Teterow"]
[BlackTeam "HSG Stralsund"]

1.e4 e5 2.Nf3 Nc6 3.Bc4 Bc5 4.c3 Nf6 5.d4 exd4 6.e5 Ne4 7.cxd4 Bb4+ 8.Bd2 
Nxd2 9.Nbxd2 O-O 10.O-O d6 11.Qb3 dxe5 12.d5 Bxd2 13.Nxd2 Nd4 14.Qg3 Qf6 
15.Rac1 Bf5 16.Nf3 Nxf3+ 17.Qxf3 Bg6 18.Qxf6 gxf6 19.Bb5 Rac8 20.Bd7 Rb8 
21.Rxc7 Rfd8 22.Rfc1 Be4 23.d6 a6 24.Rc8 Rbxc8 25.Rxc8 Rxc8 26.Bxc8 Kf8 
27.Bd7 Bc6 28.Bf5 h6 29.g3 Ke8 30.Kf1 Bd7 1/2-1/2

[Event "LJEM M-V 2023 u16"]
[Site "Mirow"]
[Date "2023.02.07"]
[Round "6.6"]
[White "Willam, Max Bastian"]
[Black "Stepanjan, Marianne"]
[Result "1/2-1/2"]
[WhiteElo "1298"]
[BlackElo "1515"]
[Time "14:30:00"]
[WhiteTeam "SSC Rostock 07"]
[BlackTeam "ESV 1888 Wittenberge"]

1.e4 c5 2.c3 Nc6 3.d4 cxd4 4.cxd4 d5 5.exd5 Qxd5 6.Nf3 e6 7.Nc3 Qd8 8.Bd3 
Nf6 9.Bf4 a6 10.O-O Be7 11.Bc2 O-O 12.a3 Bd6 13.Bxd6 Qxd6 14.Qd3 h6 15.Ne4
Nxe4 16.Qxe4 g6 17.Qe3 Kg7 18.Rad1 Ne7 19.Ne5 b5 20.Ng4 Rh8 21.Qf3 Bd7 22.
Qf6+ Kg8 23.Ne5 Rh7 24.h4 Nd5 25.Qf3 1/2-1/2

[Event "LJEM M-V 2023 u16"]
[Site "Mirow"]
[Date "2023.02.07"]
[Round "6.7"]
[White "Neumann, Julian"]
[Black "Lesyuk, Avhustyn"]
[Result "0-1"]
[WhiteElo "879"]
[BlackElo "1028"]
[Time "14:30:00"]
[WhiteTeam "SV Grün-Weiß 90 Anklam"]
[BlackTeam "TuS Makkabi Rostock"]

1.d4 d5 2.c4 e6 3.Nc3 Nf6 4.Bg5 Be7 5.e3 c6 6.Bd3 O-O 7.Nf3 Nbd7 8.O-O h6 
9.Bh4 b6 10.cxd5 exd5 11.Rc1 Bb7 12.Ne2 Re8 13.Ne5 Nxe5 14.dxe5 Ng4 15.
Bxe7 Qxe7 16.Nf4 Nxe5 17.e4 Nxd3 18.Qxd3 Qxe4 19.Qxe4 Rxe4 20.Nh5 Re2 21.
Rb1 Rd8 22.Rfe1 Rde8 23.Kf1 Rxe1+ 24.Rxe1 Rxe1+ 25.Kxe1 Kh7 26.f4 Kg6 27.
g4 f5 28.h3 c5 29.Kd2 d4 30.Kd3 Bf3 31.b4 fxg4 32.hxg4 Bxg4 33.Ng3 h5 34.
bxc5 bxc5 35.Kc4 h4 36.Nf1 Be2+ 37.Kxc5 Bxf1 38.Kxd4 h3 39.Kc5 h2 40.Kc6 
h1=Q+ 41.Kc7 Qd5 42.Kb8 Qd7 43.Ka8 Bg2+ 44.Kb8 Qb7# 0-1

[Event "LJEM M-V 2023 u16"]
[Site "Mirow"]
[Date "2023.02.07"]
[Round "6.8"]
[White "Vollmer, Willem Maarten"]
[Black "Sens, Gerda"]
[Result "1-0"]
[WhiteElo "1331"]
[BlackElo "1270"]
[Time "14:30:00"]
[WhiteTeam "SF Schwerin"]
[BlackTeam "SSC Rostock 07"]

1.d4 d5 2.c4 e6 3.Nf3 Nf6 4.Bf4 Bd6 5.Bxd6 cxd6 6.Nc3 Nc6 7.cxd5 exd5 8.e3
Bf5 9.Qb3 Qb6 10.Nxd5 Qa5+ 11.Nc3 Nb4 12.Bb5+ Nd7 13.O-O O-O 14.Bxd7 Bxd7 
15.a3 Na6 16.Qxb7 Rfd8 17.b4 Qb6 18.Qxb6 axb6 19.Nd5 Rab8 20.b5 Bxb5 21.
Rfb1 Bd3 22.Rxb6 Rxb6 23.Nxb6 Rb8 24.Nd5 Kf8 25.h3 Ke8 26.Rc1 Kd7 27.Kh2 
Rb1 28.Rxb1 Bxb1 29.g4 Be4 30.Nb6+ Kc7 31.Ng5 Bc2 32.Nd5+ Kc6 33.Nb4+ Nxb4
34.axb4 f6 35.Ne6 g5 36.Kg3 Kb5 37.Ng7 d5 38.Ne8 Kxb4 39.Nxf6 Kc4 40.h4 h6
41.hxg5 hxg5 42.Nd7 Kd3 43.Nc5+ Kc4 44.Ne6 Bg6 45.Nxg5 Kd3 46.Kf4 Ke2 47.
f3 Kd3 48.Ne6 Kc4 49.g5 Bf7 50.Nf8 Kd3 51.g6 Bg8 52.g7 Bf7 53.Nd7 Kc4 54.
Ne5+ 1-0

[Event "LJEM M-V 2023 u16"]
[Site "Mirow"]
[Date "2023.02.07"]
[Round "6.9"]
[White "Mochtak, Maximilian"]
[Black "Hampe, Florian"]
[Result "1/2-1/2"]
[WhiteElo "1042"]
[BlackElo "1092"]
[Time "14:30:00"]
[WhiteTeam "TuS Makkabi Rostock"]
[BlackTeam "Lok Gymnas Pritzwalk"]

1.d4 Nf6 2.Nf3 g6 3.Bf4 Bg7 4.e3 O-O 5.Bd3 d6 6.O-O Nbd7 7.Nbd2 c5 8.c3 b6
9.Re1 Bb7 10.e4 Nh5 11.Bg3 Nxg3 12.hxg3 Qc7 13.Qe2 Rfe8 14.e5 dxe5 15.dxe5
e6 16.b4 Rac8 17.Bb5 Bc6 18.Bxc6 Qxc6 1/2-1/2

[Event "LJEM M-V 2023 u16"]
[Site "Mirow"]
[Date "2023.02.07"]
[Round "6.10"]
[White "Stiller, Ben"]
[Black "Karff, Tom"]
[Result "0-1"]
[WhiteElo "1142"]
[BlackElo "1353"]
[Time "14:30:00"]
[WhiteTeam "TSV Friedland 1814"]
[BlackTeam "SG Güstrow/Teterow"]

1.d4 d5 2.c4 e6 3.Nc3 Nf6 4.Bg5 Nbd7 5.e3 Be7 6.Bd3 O-O 7.Nf3 c6 8.O-O b6 
9.Rc1 Bb7 10.e4 dxe4 11.Nxe4 c5 12.Nxf6+ Bxf6 13.Bxf6 Qxf6 14.dxc5 Nxc5 
15.Bb1 Qxb2 16.Ng5 g6 17.Rc2 Qf6 18.Qg4 h5 19.Qg3 Ne4 20.Nxe4 Bxe4 21.Rd2 
Bxb1 22.Rxb1 Rac8 23.Rc1 Rc5 24.Qd6 Rfc8 25.Rd4 Rxc4 26.Rdxc4 Rxc4 27.Qd2 
Rxc1+ 28.Qxc1 Kh7 29.h3 Qe5 30.g3 a5 31.f4 Qc5+ 32.Qxc5 bxc5 33.Kf2 f6 34.
Ke3 g5 35.Kd3 Kg6 36.Kc4 gxf4 37.gxf4 Kf5 38.Kxc5 Kxf4 39.Kb5 e5 40.Kxa5 
e4 41.Kb6 e3 42.a4 e2 43.a5 e1=Q 44.a6 Qe6+ 45.Kb7 Qd7+ 46.Kb8 Qd6+ 47.Kb7
f5 48.a7 Qd7+ 49.Kb6 Qxa7+ 50.Kxa7 Ke4 51.Kb6 f4 52.Kc6 f3 53.Kd6 f2 54.
Ke6 f1=Q 55.h4 Qf5+ 56.Kd6 Qe5+ 57.Kd7 Qf6 58.Ke8 Qg7 59.Kd8 Kd5 60.Ke8 
Ke6 61.Kd8 Qd7# 0-1

[Event "LJEM M-V 2023 u16"]
[Site "Mirow"]
[Date "2023.02.08"]
[Round "7.1"]
[White "Schulz, Bruno Andreas"]
[Black "Janssen, Joris Frederik"]
[Result "0-1"]
[WhiteElo "1635"]
[BlackElo "1607"]
[Time "08:30:00"]
[WhiteTeam "TuS Makkabi Rostock"]
[BlackTeam "TuS Makkabi Rostock"]

1.d4 d5 2.c4 e6 3.Nf3 Nf6 4.Bf4 Be7 5.e3 O-O 6.c5 b6 7.b4 a5 8.bxa5 bxc5 
9.Bd3 c4 10.Bc2 Bb4+ 11.Nbd2 Bxa5 12.O-O Ba6 13.Re1 Nc6 14.a3 Na7 15.Ne5 
Nd7 16.Qh5 f5 17.Ndf3 Bxe1 18.Rxe1 Nxe5 19.Bxe5 Rf6 20.Ng5 h6 21.Nh3 Bb5 
22.Nf4 Be8 23.Qh3 Nc6 24.g4 Bd7 25.Kh1 fxg4 26.Qxg4 Nxe5 27.dxe5 Rxf4 28.
exf4 Rxa3 29.Rg1 Qe7 30.Qg6 Kf8 31.Qh7 Qf7 32.Rb1 Ra8 33.Rb7 Rc8 34.f5 
exf5 35.Rb1 d4 36.Rg1 Bc6+ 37.Rg2 Ra8 38.h3 Bxg2+ 39.Kxg2 Ra6 40.Bxf5 g6 
41.Qh8+ Qg8 42.Qxh6+ Qg7 43.Qf4 gxf5+ 44.Kh2 Qd7 45.Qh4 Kg7 46.Qf4 d3 47.
Qxc4 d2 48.Qxa6 d1=Q 49.Qf6+ Kg8 50.Qg6+ Qg7 51.Qe8+ Kh7 52.Qh5+ Qxh5 53.
e6 Qf3 54.e7 Qfg2# 0-1

[Event "LJEM M-V 2023 u16"]
[Site "Mirow"]
[Date "2023.02.08"]
[Round "7.2"]
[White "Lippitz, Jaden"]
[Black "Thormählen, Tjark"]
[Result "0-1"]
[WhiteElo "1481"]
[BlackElo "1332"]
[Time "08:30:00"]
[WhiteTeam "SG Güstrow/Teterow"]
[BlackTeam "SG Güstrow/Teterow"]

1.c4 e5 2.g3 c6 3.Bg2 Nf6 4.d3 d5 5.b3 Be6 6.Bb2 Nbd7 7.Nf3 d4 8.O-O Bd6 
9.Nbd2 O-O 10.a4 a5 11.Ba3 Bxa3 12.Rxa3 Nc5 13.Ra1 Qd6 14.Ng5 Bf5 15.Nge4 
Nfxe4 16.Nxe4 Bxe4 17.Bxe4 Nxe4 18.dxe4 Qb4 19.Rb1 Rfd8 20.Qe1 Qa3 21.e3 
d3 22.Qc3 f6 23.Rfd1 Qb4 24.Rxd3 Qxc3 25.Rxc3 Rd2 26.Rbc1 Rad8 27.Kf1 Rb2 
28.R1c2 Rb1+ 29.Ke2 Rdd1 30.Rd2 Rxd2+ 31.Kxd2 Rb2+ 32.Ke1 Kf7 33.Rd3 Ke7 
34.Kf1 g5 35.g4 h6 36.Kg2 Rb1 37.h3 b6 38.c5 bxc5 39.Rc3 Kd6 40.Kg3 Rg1+ 
41.Kf3 Rh1 42.Ke2 Rxh3 43.Rc1 h5 44.gxh5 Rxh5 45.Kd3 Rh2 46.Rf1 g4 47.Kc4 
Rg2 48.Rd1+ Kc7 49.Rd2 g3 50.Rd1 Rxf2 51.Rg1 g2 52.Kd3 Kb6 53.Kc4 f5 54.
exf5 e4 55.Kc3 Kc7 56.f6 Kd7 0-1

[Event "LJEM M-V 2023 u16"]
[Site "Mirow"]
[Date "2023.02.08"]
[Round "7.3"]
[White "Lesyuk, Avhustyn"]
[Black "Walz, Fabian"]
[Result "1/2-1/2"]
[WhiteElo "1028"]
[BlackElo "1342"]
[Time "08:30:00"]
[WhiteTeam "TuS Makkabi Rostock"]
[BlackTeam "SSC Rostock 07"]

1.d4 Nf6 2.Nf3 g6 3.Bf4 Bg7 4.e3 O-O 5.Nbd2 d6 6.Be2 Nbd7 7.O-O b6 8.c3 
Bb7 9.h3 c5 10.Re1 d5 11.Ne5 Rc8 12.Ndf3 e6 13.Qc2 Nxe5 14.Nxe5 Nd7 15.
Nxd7 Qxd7 16.Rad1 a6 17.Bf3 cxd4 18.exd4 b5 19.Qd3 Rc4 20.b3 Rc6 21.Be5 
Bxe5 22.Rxe5 Rfc8 23.Rc1 Qc7 24.Re3 b4 25.c4 dxc4 26.Qe2 Rd6 27.Bxb7 Qxb7 
28.Rxc4 Rcd8 29.Qd2 a5 30.Re5 Rd5 31.Qf4 Rxe5 32.Qxe5 Qd5 33.Qxd5 Rxd5 34.
Kf1 Kf8 35.Ke2 Ke7 36.Kd3 f5 37.Rc5 Rxc5 38.dxc5 e5 39.Kc4 e4 40.Kd5 Kd7 
41.Kd4 Kc7 42.Kd5 Kd7 43.Kc4 Kc6 44.Kd4 1/2-1/2

[Event "LJEM M-V 2023 u16"]
[Site "Mirow"]
[Date "2023.02.08"]
[Round "7.4"]
[White "Wiechhusen, Laurin-Elias"]
[Black "Schott, Andy"]
[Result "0-1"]
[WhiteElo "1614"]
[BlackElo "1593"]
[Time "08:30:00"]
[WhiteTeam "SF Schwerin"]
[BlackTeam "SG Güstrow/Teterow"]

1.d4 Nf6 2.c4 e6 3.Nf3 Bb4+ 4.Bd2 Bxd2+ 5.Nbxd2 c5 6.dxc5 Qa5 7.e3 O-O 8.
Qc2 Qxc5 9.Bd3 Nc6 10.O-O Nb4 11.Qc3 Nxd3 12.Qxd3 d5 13.Rac1 Qe7 14.Rfd1 
dxc4 15.Nxc4 Bd7 16.Nce5 Ba4 17.Qd6 Qxd6 18.Rxd6 Rac8 19.Re1 Bc2 20.Nd4 
Be4 21.f3 Bd5 22.e4 Bc4 23.Nxc4 Rxc4 24.Rd1 a6 25.Nb3 g6 26.Rb6 Rc2 27.Rd2
Rfc8 28.Rxb7 Rxd2 29.Nxd2 Rc2 30.Nf1 Nh5 31.a4 Nf4 32.g3 Nh3+ 33.Kh1 Ng5 
34.b4 Nxf3 35.b5 axb5 36.Rxb5 Rf2 37.Rb8+ Kg7 38.Rb1 Ng5 39.Kg1 Re2 40.Ra1
Nxe4 41.a5 Rb2 42.Ne3 Rb7 43.Nc4 Ra7 44.Kg2 Nc5 45.Rb1 f5 46.Rb5 Na4 47.
Nd6 Kf6 48.Nb7 Ke7 49.Rb4 Nc3 50.Nc5 Nd5 51.Ra4 Kd6 52.Nb3 e5 53.Rc4 Ne3+ 
0-1

[Event "LJEM M-V 2023 u16"]
[Site "Mirow"]
[Date "2023.02.08"]
[Round "7.5"]
[White "Stepanjan, Marianne"]
[Black "Krause, Enrico"]
[Result "1-0"]
[WhiteElo "1515"]
[BlackElo "1468"]
[Time "08:30:00"]
[WhiteTeam "ESV 1888 Wittenberge"]
[BlackTeam "Think Rochade - SC HRO"]

1.e4 c6 2.d4 d5 3.exd5 Nf6 4.dxc6 Nxc6 5.Nf3 Bg4 6.c3 e5 7.Be2 Qb6 8.Nxe5 
Bxe2 9.Qxe2 O-O-O 10.O-O Bd6 11.Nxf7 Rhe8 12.Nxd6+ Rxd6 13.Qc2 Qb5 14.Na3 
Qh5 15.Bf4 Rde6 16.Nc4 Kd7 17.Ne3 g5 18.d5 gxf4 19.dxe6+ Rxe6 20.Rad1+ Kc7
21.Qf5 fxe3 22.Qxh5 exf2+ 23.Rxf2 Nxh5 24.Rf7+ Re7 25.Rxe7+ Nxe7 26.Rf1 h6
27.g4 Kd6 28.gxh5 Ke6 29.Rf8 b6 30.Rh8 Nf5 31.Ra8 Ng7 32.Rxa7 Nxh5 33.Rb7 
1-0

[Event "LJEM M-V 2023 u16"]
[Site "Mirow"]
[Date "2023.02.08"]
[Round "7.6"]
[White "Asmussen, Johann"]
[Black "Willam, Max Bastian"]
[Result "0-1"]
[WhiteElo "1222"]
[BlackElo "1298"]
[Time "08:30:00"]
[WhiteTeam "HSG Stralsund"]
[BlackTeam "SSC Rostock 07"]

1.e4 e5 2.Nf3 Nc6 3.Bc4 Nf6 4.Ng5 d5 5.exd5 b5 6.Bb3 Nd4 7.c3 Nxb3 8.Qxb3 
Qxd5 9.Qxd5 Nxd5 10.O-O Bd6 11.d4 exd4 12.cxd4 O-O 13.Be3 h6 14.Ne4 Bf4 
15.Bxf4 Nxf4 16.Nbc3 b4 17.Nb5 Bb7 18.f3 a6 19.Nxc7 Rac8 20.g3 Rxc7 21.
gxf4 Rc2 22.Rf2 Rfc8 23.Nd6 Rxf2 24.Kxf2 Rc2+ 25.Ke3 Bd5 26.Nf5 Kh7 27.Ne7
Bc4 28.b3 Re2# 0-1

[Event "LJEM M-V 2023 u16"]
[Site "Mirow"]
[Date "2023.02.08"]
[Round "7.7"]
[White "Mochtak, Maximilian"]
[Black "Gorski, Paul Peter"]
[Result "0-1"]
[WhiteElo "1042"]
[BlackElo "1261"]
[Time "08:30:00"]
[WhiteTeam "TuS Makkabi Rostock"]
[BlackTeam "Think Rochade - SC HRO"]

1.d4 Nf6 2.c4 g6 3.Nc3 Bg7 4.e4 d6 5.f3 O-O 6.Be3 c6 7.d5 e5 8.Bd3 Ne8 9.
Nge2 f5 10.g3 f4 11.gxf4 exf4 12.Nxf4 Qh4+ 13.Ke2 Rxf4 14.Bxf4 Qxf4 15.Qd2
Qh4 16.Qe1 Qe7 17.Kd2 Nd7 18.Qg3 Nc5 19.Bc2 Nf6 20.Rae1 Nh5 21.Qf2 Nf4 22.
Qg3 Be5 23.Qg1 Bh3 24.b4 Qf6 25.Qf2 Bxc3+ 26.Kd1 Bxe1 27.Qxe1 Ncd3 28.Bxd3
Nxd3 0-1

[Event "LJEM M-V 2023 u16"]
[Site "Mirow"]
[Date "2023.02.08"]
[Round "7.8"]
[White "Neumann, Julian"]
[Black "Vollmer, Willem Maarten"]
[Result "1-0"]
[WhiteElo "879"]
[BlackElo "1331"]
[Time "08:30:00"]
[WhiteTeam "SV Grün-Weiß 90 Anklam"]
[BlackTeam "SF Schwerin"]

1.d4 Nf6 2.c4 e6 3.Nc3 c5 4.d5 g6 5.Nf3 exd5 6.cxd5 d6 7.g3 Bg7 8.Bg2 O-O 
9.Bg5 h6 10.Bf4 b6 11.O-O Qd7 12.Qd2 Bb7 13.Rad1 g5 14.Be3 Na6 15.Qd3 Nb4 
16.Qc4 a5 17.Rd2 Rfd8 18.a3 b5 19.Qxb5 Qxb5 20.Nxb5 Nbxd5 21.Nc3 Nxe3 22.
fxe3 Ng4 23.Nd1 Rd7 24.h3 Nf6 25.Nh2 Ne4 26.Bxe4 Bxe4 27.Nc3 Bxc3 28.bxc3 
f5 29.g4 Rf8 30.Rfd1 d5 31.c4 Rfd8 32.gxf5 Bxf5 33.Ng4 Kg7 34.Rxd5 Rxd5 
35.Rxd5 Rxd5 36.cxd5 Bxg4 37.hxg4 Kf6 38.Kf1 Ke5 39.e4 Kd6 40.e3 Ke5 41.a4
Kd6 42.Ke2 h5 43.gxh5 c4 44.h6 c3 45.h7 c2 46.h8=Q c1=Q 47.Qd8+ Ke5 48.
Qxg5+ Kd6 49.Qf6+ Kc7 50.Qc6+ Qxc6 51.dxc6 Kxc6 52.Kf3 Kd6 53.Kf4 Ke6 54.
e5 Ke7 55.Ke4 Ke6 56.Kd4 Kd7 57.e4 Ke6 58.Kc5 Kxe5 59.Kb5 Kxe4 60.Kxa5 Kd5
61.Kb6 Kd6 62.a5 Kd7 63.Kb7 Kd8 64.a6 Kd7 65.a7 Kd6 66.a8=Q Kc5 67.Qd8 Kb5
68.Qc7 Kb4 69.Qc6 Ka5 70.Qb6+ Ka4 71.Kc6 Ka3 72.Kc5 Ka2 73.Kc4 Ka1 74.Kc3 
Ka2 75.Qb2# 1-0

[Event "LJEM M-V 2023 u16"]
[Site "Mirow"]
[Date "2023.02.08"]
[Round "7.9"]
[White "Hampe, Florian"]
[Black "Karff, Tom"]
[Result "1/2-1/2"]
[WhiteElo "1092"]
[BlackElo "1353"]
[Time "08:30:00"]
[WhiteTeam "Lok Gymnas Pritzwalk"]
[BlackTeam "SG Güstrow/Teterow"]

1.d4 d5 2.c4 e6 3.Nc3 Nf6 4.Nf3 Be7 5.Bf4 Nbd7 6.e3 O-O 7.Bd3 c5 8.cxd5 
Nxd5 9.Nxd5 exd5 10.Rg1 b6 11.Qc2 Bb7 12.Bxh7+ Kh8 13.Bd3 Rc8 14.Qd2 Nf6 
15.Rc1 Ne4 16.Bxe4 dxe4 17.Ne5 Bg5 18.Bxg5 Qxg5 19.Qe2 Kg8 20.Qg4 Qxg4 21.
Nxg4 cxd4 22.exd4 1/2-1/2

[Event "LJEM M-V 2023 u16"]
[Site "Mirow"]
[Date "2023.02.08"]
[Round "7.10"]
[White "Sens, Gerda"]
[Black "Stiller, Ben"]
[Result "1-0"]
[WhiteElo "1270"]
[BlackElo "1142"]
[Time "08:30:00"]
[WhiteTeam "SSC Rostock 07"]
[BlackTeam "TSV Friedland 1814"]

1.e4 e5 2.Nf3 Nc6 3.Bc4 Bc5 4.d3 Nf6 5.O-O O-O 6.Bg5 h6 7.Be3 Bxe3 8.fxe3 
d5 9.exd5 Nxd5 10.Qd2 Nde7 11.Nc3 Ng6 12.d4 Nh4 13.Nxh4 Qxh4 14.Nb5 Bg4 
15.Qf2 Qxf2+ 16.Rxf2 exd4 17.exd4 a6 18.Na3 Be6 19.d5 b5 20.dxe6 bxc4 21.
exf7+ Rxf7 22.Rxf7 Kxf7 23.Nxc4 Re8 24.c3 g5 25.Rf1+ Kg6 26.h3 Re4 27.Nd2 
Re2 28.Rf2 Re1+ 29.Kh2 Ra1 30.Re2 Kf6 31.a3 a5 32.Kg3 Ne5 33.Nb3 Rd1 34.
Nxa5 Rd3+ 35.Kf2 g4 36.Re3 Rd2+ 37.Kg3 Rxb2 38.Rxe5 Kxe5 39.Nc4+ 1-0

[Event "LJEM M-V 2023 u18"]
[Site "Mirow"]
[Date "2023.02.04"]
[Round "1.1"]
[White "Großmann, Piet"]
[Black "Subocz, Gabriel"]
[Result "1-0"]
[WhiteElo "1992"]
[BlackElo "1240"]
[Time "14:30:00"]
[WhiteTeam "SAV Torgelow-Drögeheide 90"]
[BlackTeam "SAV Torgelow-Drögeheide 90"]

1.e4 c5 2.Nf3 d6 3.c3 Nc6 4.d4 cxd4 5.cxd4 Nf6 6.Nc3 g6 7.Be2 Bg7 8.O-O 
O-O 9.h3 Bd7 10.Be3 a6 11.d5 Na5 12.Rc1 Rc8 13.b3 Rxc3 14.Rxc3 Nxe4 15.Rc2
Nc3 16.Qd2 Nxe2+ 17.Qxe2 Bb5 18.Qd2 Bxf1 19.Kxf1 b5 20.Nd4 Nb7 21.b4 Qd7 
22.Rc6 Ra8 23.Qc2 Nd8 24.Rc7 Qe8 25.Qe4 Bxd4 26.Rxe7 Qf8 27.Bxd4 Nb7 28.
Rxb7 Qc8 29.Re7 Qc1+ 30.Ke2 Qc4+ 31.Kf3 Rf8 32.Re8 h5 33.Bf6 Qxe4+ 34.Rxe4
Rc8 35.Re7 Kf8 36.Rd7 Ke8 37.Rxd6 Ra8 38.Kf4 Rc8 39.Kg5 1-0

[Event "LJEM M-V 2023 u18"]
[Site "Mirow"]
[Date "2023.02.04"]
[Round "1.2"]
[White "Köpnick, Amanda"]
[Black "Tovmasyan, Minas"]
[Result "0-1"]
[WhiteElo "1306"]
[BlackElo "1788"]
[Time "14:30:00"]
[WhiteTeam "TuS Makkabi Rostock"]
[BlackTeam "TuS Makkabi Rostock"]

1.e4 c5 2.Nc3 e6 3.g3 Nc6 4.Bg2 g6 5.f4 Bg7 6.Nf3 Nge7 7.O-O O-O 8.d3 Rb8 
9.Be3 d6 10.d4 b6 11.Ne2 Ba6 12.c3 Qc7 13.Re1 Rfd8 14.Qd2 Na5 15.b3 Rbc8 
16.Rac1 Bb7 17.Qc2 Qc6 18.Nd2 Qd7 19.Nf1 Nac6 20.dxc5 dxc5 21.Red1 Qc7 22.
Rxd8+ Rxd8 23.Nd2 Ba6 24.Nf3 Bd3 25.Qd1 Bxe4 26.Qf1 Nd5 27.Bd2 Nf6 28.Be3 
Rd3 0-1

[Event "LJEM M-V 2023 u18"]
[Site "Mirow"]
[Date "2023.02.04"]
[Round "1.3"]
[White "Scharf, Christian"]
[Black "Quade, Luca"]
[Result "1/2-1/2"]
[WhiteElo "1336"]
[BlackElo "1468"]
[Time "14:30:00"]
[WhiteTeam "SG Güstrow/Teterow"]
[BlackTeam "TuS Makkabi Rostock"]

1.e4 c5 2.Nf3 Nc6 3.d4 cxd4 4.Nxd4 g6 5.c4 Bg7 6.Be3 Nf6 7.Nc3 d6 8.Be2 
O-O 9.O-O a6 10.f4 Qb6 11.Nf5 Qxb2 12.Na4 Qa3 13.Bc1 Qb4 14.Bd2 Qa3 15.Rf3
Qxf3 16.Bxf3 gxf5 17.Nb6 Nxe4 18.Bxe4 Bd4+ 19.Kf1 Bxb6 20.Bxc6 bxc6 
1/2-1/2

[Event "LJEM M-V 2023 u18"]
[Site "Mirow"]
[Date "2023.02.04"]
[Round "1.4"]
[White "Ahmed Ibrahim, Labed"]
[Black "Khanbekyan, Areg"]
[Result "0-1"]
[WhiteElo "1545"]
[BlackElo "1579"]
[Time "14:30:00"]
[WhiteTeam "SV Motor Wolgast 1949"]
[BlackTeam "Greifswalder SV"]

1.c4 c5 2.g3 Nc6 3.Bg2 g6 4.Nc3 Bg7 5.e4 Nf6 6.Nge2 O-O 7.O-O d6 8.d3 Be6 
9.h3 a6 10.a3 Rb8 11.Be3 b5 12.cxb5 axb5 13.Qd2 Na5 14.Rab1 Nb3 15.Qc2 b4 
16.Nd5 Bxd5 17.exd5 Na5 18.axb4 Rxb4 19.Nc3 Nb3 20.Rfe1 Qc7 21.Bg5 Rfb8 
22.Ne4 Nxd5 23.Nxc5 Nf6 24.Qe2 Nxc5 25.Rec1 Qb6 26.Rc2 Rb3 27.d4 Nd3 28.
Bxf6 Bxf6 29.Bd5 Rxb2 30.Rcxb2 Nxb2 31.Qc2 Bxd4 0-1

[Event "LJEM M-V 2023 u18"]
[Site "Mirow"]
[Date "2023.02.04"]
[Round "1.5"]
[White "Wellßow, Keoki"]
[Black "Fromm, Robert"]
[Result "1-0"]
[WhiteElo "1541"]
[BlackElo "1348"]
[Time "14:30:00"]
[WhiteTeam "HSG Stralsund"]
[BlackTeam "ASV Grün-Weiß Wismar"]

1.c4 f5 2.g3 Nf6 3.Bg2 e6 4.Nc3 d5 5.Nf3 Bd6 6.d3 h6 7.O-O O-O 8.Re1 Bb4 
9.a3 Be7 10.Bf4 c6 11.Ne5 Nbd7 12.e4 Nxe5 13.Bxe5 dxc4 14.dxc4 Ng4 15.exf5
Nxe5 16.Rxe5 Bf6 17.Re3 exf5 18.Qe2 Qc7 19.Rd1 Bd7 20.Na4 b6 21.c5 b5 22.
Nc3 Rae8 23.Qd3 Rd8 24.Qd6 Qxd6 25.Rxd6 Rf7 26.Bxc6 Bxc6 27.Rxc6 Bd4 28.
Re2 f4 29.Nxb5 f3 30.Re1 Bxf2+ 31.Kxf2 Rd2+ 32.Ke3 Rxb2 33.Nd4 Ra2 34.Ra6 
Re7+ 35.Re6 Rxa3+ 36.Kd2 Rf7 37.Rf1 Ra2+ 38.Nc2 Rd7+ 39.Rd6 Re7 40.Rxf3 
1-0

[Event "LJEM M-V 2023 u18"]
[Site "Mirow"]
[Date "2023.02.04"]
[Round "1.6"]
[White "Hampe, Tobias"]
[Black "Tennigkeit, Paul"]
[Result "0-1"]
[WhiteElo "1194"]
[BlackElo "1657"]
[Time "14:30:00"]
[WhiteTeam "Lok Gymnas Pritzwalk"]
[BlackTeam "Lok Gymnas Pritzwalk"]

1.Nf3 Nf6 2.d4 d5 3.e3 e6 4.Nc3 c5 5.Bb5+ Bd7 6.Ne5 a6 7.Nxd7 Nbxd7 8.
Bxd7+ Qxd7 9.O-O Bd6 10.b3 Qc7 11.g3 cxd4 12.Ne2 dxe3 13.Bxe3 e5 14.f4 Bc5
15.Bxc5 Qxc5+ 16.Kh1 Ng4 0-1

[Event "LJEM M-V 2023 u18"]
[Site "Mirow"]
[Date "2023.02.04"]
[Round "1.7"]
[White "Röste, Hugo"]
[Black "Ryll, Emily Maria"]
[Result "1-0"]
[WhiteElo "1613"]
[BlackElo "1049"]
[Time "14:30:00"]
[WhiteTeam "TuS Makkabi Rostock"]
[BlackTeam "SG Eintracht Neubrandenburg"]

1.d4 Nf6 2.c4 e6 3.Nc3 d5 4.Bg5 Be7 5.e3 O-O 6.Nf3 Nc6 7.Bd3 b6 8.O-O Ba6 
9.cxd5 exd5 10.Bxa6 Ne4 11.Bxe7 Qxe7 12.Bb7 Rab8 13.Bxc6 Nxc3 14.bxc3 Qd6 
15.Ba4 b5 16.Bc2 Rfe8 17.Ne5 Re6 18.Qh5 g6 19.Qh6 b4 20.Rab1 c5 21.cxb4 
cxb4 22.Nf3 f6 23.Qf4 Qb6 24.Bb3 Qb5 25.Bxd5 Qxd5 26.Qxb8+ Kg7 27.Rxb4 Qd7
28.Rb7 Re7 29.Rxd7 Rxd7 30.Rb1 Kh6 31.Qf8+ Rg7 32.Qxf6 Kh5 33.Qg5# 1-0

[Event "LJEM M-V 2023 u18"]
[Site "Mirow"]
[Date "2023.02.04"]
[Round "1.8"]
[White "Steinhauser, Oskar"]
[Black "Kruse, Johannes"]
[Result "0-1"]
[WhiteElo "982"]
[BlackElo "1569"]
[Time "14:30:00"]
[WhiteTeam "SSC Rostock 07"]
[BlackTeam "ESV Waren"]

1.e4 c5 2.Nf3 Nc6 3.Bc4 e6 4.c3 Be7 5.d4 cxd4 6.cxd4 d5 7.exd5 exd5 8.Bb3 
Nf6 9.h3 O-O 10.O-O h6 11.Nc3 Be6 12.Re1 a6 13.Bf4 Bd6 14.Be5 Bb4 15.a3 
Bxc3 16.bxc3 Na5 17.Rb1 Ne4 18.Nd2 Nxc3 19.Qf3 Nxb1 20.Rxb1 Nc6 21.Qe3 
Nxe5 22.Qxe5 Qf6 23.Nf3 Qxe5 24.Nxe5 Rac8 25.g4 Rfd8 26.Kg2 f6 27.Ng6 Kf7 
28.Nf4 g5 29.Nd3 Rc7 30.Nc5 Rd6 31.Kg3 Bd7 32.Bd1 Bc6 33.f4 Rd8 34.Bf3 Re8
35.Rh1 Re3 36.h4 gxf4+ 37.Kxf4 Rxa3 38.Rd1 Re7 39.g5 fxg5+ 40.hxg5 hxg5+ 
41.Kg4 Bd7+ 42.Nxd7 Rxd7 43.Bg2 Kg6 44.Re1 Rf7 45.Re6+ Rf6 46.Bxd5 Rxe6 
47.Bxe6 Ra4 48.Bf5+ Kf6 0-1

[Event "LJEM M-V 2023 u18"]
[Site "Mirow"]
[Date "2023.02.05"]
[Round "2.1"]
[White "Tennigkeit, Paul"]
[Black "Großmann, Piet"]
[Result "0-1"]
[WhiteElo "1657"]
[BlackElo "1992"]
[Time "08:30:00"]
[WhiteTeam "Lok Gymnas Pritzwalk"]
[BlackTeam "SAV Torgelow-Drögeheide 90"]

1.e4 e6 2.d4 d5 3.exd5 exd5 4.Bd3 Bd6 5.Qf3 Nc6 6.c3 Nge7 7.Ne2 Be6 8.Bf4 
Ng6 9.Bxd6 Qxd6 10.Qg3 O-O-O 11.Na3 Nce7 12.Qxd6 Rxd6 13.O-O-O Bf5 14.Nc2 
Bxd3 15.Rxd3 Rf6 16.f3 Nf5 17.Ne3 Nxe3 18.Rxe3 Kd7 19.g3 Re8 20.Kd2 Ree6 
21.Re1 Rxe3 22.Kxe3 Ra6 23.Ra1 Re6+ 24.Kf2 Kd6 25.Nc1 b6 26.Nd3 a5 27.f4 
Ne7 28.Re1 f6 29.g4 Rxe1 30.Kxe1 c5 31.Kf2 c4 32.Ne1 b5 33.Nc2 Nc6 34.Ne3 
g6 35.h4 b4 36.h5 a4 37.Nc2 gxh5 38.gxh5 a3 39.b3 cxb3 40.axb3 a2 41.cxb4 
Nxd4 42.Na1 Nc6 43.b5 Nb4 44.Ke3 Kc5 45.b6 Kxb6 46.Kd4 Kc6 47.Kc3 Kc5 48.
h6 f5 49.Kd2 Kd4 50.Kc1 Kc3 0-1

[Event "LJEM M-V 2023 u18"]
[Site "Mirow"]
[Date "2023.02.05"]
[Round "2.2"]
[White "Tovmasyan, Minas"]
[Black "Röste, Hugo"]
[Result "1-0"]
[WhiteElo "1788"]
[BlackElo "1613"]
[Time "08:30:00"]
[WhiteTeam "TuS Makkabi Rostock"]
[BlackTeam "TuS Makkabi Rostock"]

1.d4 d5 2.Nf3 e6 3.c4 Nf6 4.Nc3 Be7 5.Bg5 O-O 6.e3 c6 7.cxd5 Nxd5 8.Bxe7 
Qxe7 9.e4 Nxc3 10.bxc3 Nd7 11.Bd3 b6 12.O-O Bb7 13.a4 c5 14.a5 cxd4 15.
cxd4 h6 16.Qe2 e5 17.Rfc1 Qd6 18.d5 Nc5 19.Nd2 Rfc8 20.a6 Nxd3 21.axb7 
Nxc1 22.Qc4 Qd8 23.bxa8=Q 1-0